[Event "Open A 2011"]
[Site "Panevezys"]
[Date "2011.08.10"]
[Round "3.7"]
[White "Novikovas, Anatolijus"]
[Black "Bieliauskas, Marius"]
[Result "1/2-1/2"]
[WhiteElo "1979"]
[BlackElo "2137"]
[PlyCount "86"]
[EventDate "2011.08.09"]

1. e4 c5 2. Nf3 d6 3. c3 Nf6 4. g3 Nc6 5. d3 Bg4 6. Bg2 g6 7. h3 Bxf3 8. Bxf3
Bg7 9. O-O O-O 10. Be3 Rc8 11. Na3 b6 12. Qd2 Qd7 13. Bg2 d5 14. Rad1 Rfd8 15.
Qe2 Qe6 16. exd5 Nxd5 17. Rfe1 Qd7 18. Bc1 h6 19. Nc2 e6 20. a3 a5 21. h4 Nf6
22. d4 cxd4 23. Nxd4 Nxd4 24. Rxd4 Qe7 25. Rxd8+ Rxd8 26. Rd1 Rxd1+ 27. Qxd1 b5
28. Be3 Qc7 29. Qd4 a4 30. Qc5 Qd7 31. Bd4 Nd5 32. Qa7 Qd6 33. Qa8+ Bf8 34. Qb7
Nc7 35. Qc6 Qd8 36. Bf1 Bg7 37. Bb6 Be5 38. Bxc7 Bxc7 39. Qxb5 Qd2 40. Qe2 Qd6
41. Kh2 Bb6 42. Bg2 Qc5 43. Kg1 Qf5 1/2-1/2

[Event "Open A 2011"]
[Site "Panevezys"]
[Date "2011.08.10"]
[Round "3.8"]
[White "Stalemekas, Ernestas"]
[Black "Beinoraite, Viktorija"]
[Result "1-0"]
[WhiteElo "2131"]
[BlackElo "2001"]
[PlyCount "63"]
[EventDate "2011.08.09"]

1. d4 d5 2. Nf3 Nf6 3. c4 c6 4. e3 Bf5 5. Nc3 e6 6. Bd3 Bxd3 7. Qxd3 Bd6 8. e4
dxe4 9. Nxe4 Nxe4 10. Qxe4 Bb4+ 11. Kf1 Nd7 12. Bg5 Be7 13. h4 Nf6 14. Bxf6
Bxf6 15. g4 Qd6 16. g5 Be7 17. Rd1 O-O 18. Kg2 Rad8 19. Rhe1 Rfe8 20. h5 Bf8
21. g6 f5 22. gxh7+ Kh8 23. Qe3 Be7 24. Ne5 Kxh7 25. Nf7 Qd7 26. Nxd8 Bxd8 27.
d5 cxd5 28. cxd5 e5 29. Qg3 Bf6 30. Qg6+ Kh8 31. h6 Rg8 32. Rh1 1-0

[Event "Open A 2011"]
[Site "Panevezys"]
[Date "2011.08.10"]
[Round "3.12"]
[White "Lepeskaite, Migle"]
[Black "Kuvsinov, Anatolij"]
[Result "0-1"]
[WhiteElo "1788"]
[BlackElo "2007"]
[PlyCount "156"]
[EventDate "2011.08.09"]

1. d4 d6 2. c4 g6 3. Nc3 Bg7 4. e4 Nc6 5. Nf3 Bg4 6. Be3 e5 7. d5 Nd4 8. Be2
Bxf3 9. Bxf3 Ne7 10. Bxd4 exd4 11. Ne2 c5 12. Nf4 O-O 13. O-O a6 14. Re1 Rb8
15. Rb1 b5 16. b3 Nc8 17. Nd3 Re8 18. Bg4 Nb6 19. Qc2 h5 20. Bh3 Rb7 21. Re2
Nd7 22. Bxd7 Rxd7 23. Rbe1 Rde7 24. a4 bxa4 25. b4 Qb6 26. Qxa4 f5 27. f3 cxb4
28. Qxb4 Qxb4 29. Nxb4 fxe4 30. fxe4 Ra8 31. Nc6 Ree8 32. Rd1 a5 33. Nxd4 Bxd4+
34. Rxd4 a4 35. Ra2 a3 36. Kf2 Reb8 37. Rdd2 Rb4 38. Rdc2 Rb3 39. e5 dxe5 40.
c5 Rd3 41. d6 Kf7 42. Ke2 Rd5 43. Ke3 Ke6 44. Rc3 Rc8 45. Raxa3 Rcxc5 46. Rxc5
Rxc5 47. Ra6 Rd5 48. d7+ Kf5 49. Ra7 g5 50. Rb7 g4 51. Ra7 h4 52. Rb7 h3 53.
gxh3 gxh3 54. d8=Q Rxd8 55. Rf7+ Ke6 56. Rh7 Ra8 57. Kf3 Ra3+ 58. Kg4 Kd5 59.
Rxh3 Ra4+ 60. Kf5 Rf4+ 61. Kg5 Rf2 62. Ra3 e4 63. h4 Rf3 64. Ra2 e3 65. Re2 Ke5
66. Kg4 Ke4 67. Ra2 Rf2 68. Ra4+ Kd3 69. Ra3+ Kd2 70. h5 e2 71. Ra2+ Kd3 72.
Rxe2 Rxe2 73. Kg5 Ke4 74. Kg6 Rg2+ 75. Kf7 Kf5 76. h6 Ra2 77. h7 Ra7+ 78. Kg8
Kg6 0-1

[Event "Open A 2011"]
[Site "Panevezys"]
[Date "2011.08.10"]
[Round "3.13"]
[White "Cernavina, Ksenija"]
[Black "Barsciauskas, Gintautas"]
[Result "1/2-1/2"]
[WhiteElo "1788"]
[BlackElo "1854"]
[PlyCount "81"]
[EventDate "2011.08.09"]

1. d4 d6 2. c4 c6 3. e4 Nd7 4. Nc3 e5 5. Nf3 Ngf6 6. Be2 Be7 7. O-O O-O 8. b3
Qc7 9. Bb2 Re8 10. Rc1 Nf8 11. d5 Ng6 12. Ne1 Bd7 13. Nd3 Bf8 14. Kh1 Rad8 15.
Qc2 Qc8 16. f3 Nh5 17. dxc6 bxc6 18. Na4 Nhf4 19. Nxf4 Nxf4 20. c5 d5 21. exd5
Nxd5 22. Qd2 Bf5 23. Qa5 Qb8 24. Rfd1 e4 25. fxe4 Bxe4 26. Bf1 h5 27. Nc3 Nxc3
28. Qxc3 Bd5 29. Qh3 Re6 30. Qxh5 Rde8 31. Qg4 Rh6 32. h3 Re4 33. Qf5 Qg3 34.
Rd3 Re3 35. Rxe3 Qxe3 36. Rc3 Qe1 37. Rc1 Qd2 38. Rc2 Qe1 39. Rc1 Qe3 40. Rc3
Qe1 41. Rc1 1/2-1/2

[Event "Open A 2011"]
[Site "Panevezys"]
[Date "2011.08.10"]
[Round "3.14"]
[White "Janulynas, Jonas"]
[Black "Zito, Riccardo"]
[Result "1/2-1/2"]
[WhiteElo "1814"]
[BlackElo "1730"]
[PlyCount "79"]
[EventDate "2011.08.09"]

1. e4 e6 2. d4 d5 3. Nc3 h6 4. Be3 Nf6 5. e5 Nfd7 6. f4 c5 7. Nf3 Nc6 8. Be2
Qb6 9. Qd2 cxd4 10. Nxd4 Nc5 11. O-O Bd7 12. a3 Nxd4 13. Bxd4 Qc7 14. Qe3 b6
15. f5 Be7 16. b4 Nb7 17. fxe6 Bxe6 18. Bb5+ Kd8 19. Na4 Kc8 20. Nxb6+ axb6 21.
Bxb6 Bg5 22. Qd4 Qe7 23. a4 f6 24. h4 fxe5 25. Qc3+ Kb8 26. Qxe5+ Qd6 27. Qxd6+
Nxd6 28. hxg5 Nxb5 29. axb5 Rxa1 30. Rxa1 hxg5 31. Bd4 Rc8 32. c3 g6 33. b6 Rf8
34. Ra7 Rf7 35. Be5+ Kc8 36. Ra8+ Kb7 37. Rb8+ Ka6 38. b5+ Kxb5 39. b7 Bf5 40.
Bd4 1/2-1/2

[Event "Open A 2011"]
[Site "Panevezys"]
[Date "2011.08.11"]
[Round "4.4"]
[White "Tsiganova, Monika"]
[Black "Stalemekas, Ernestas"]
[Result "1-0"]
[WhiteElo "2161"]
[BlackElo "2131"]
[PlyCount "67"]
[EventDate "2011.08.09"]

1. d4 Nf6 2. Nf3 g6 3. c4 Bg7 4. Nc3 O-O 5. Bf4 d6 6. h3 Na6 7. e3 c6 8. Be2
Nc7 9. O-O Nh5 10. Bh2 f5 11. d5 c5 12. Nd2 Nf6 13. Rc1 a6 14. a3 Bd7 15. b4 b6
16. bxc5 bxc5 17. Qc2 g5 18. Rb1 h5 19. Na4 h4 20. Bd3 Nh5 21. Nb6 Ra7 22. Nxd7
Qxd7 23. Nf3 Bh6 24. Rb3 Ne8 25. e4 f4 26. e5 e6 27. Re1 exd5 28. cxd5 Neg7 29.
Rb6 Ne8 30. exd6 Nxd6 31. Rc6 Nc8 32. Rxh6 Nb6 33. Rxh5 Rf7 34. Qb2 1-0

[Event "Open A 2011"]
[Site "Panevezys"]
[Date "2011.08.11"]
[Round "4.5"]
[White "Kudzma, Laimonas"]
[Black "Novikovas, Anatolijus"]
[Result "1/2-1/2"]
[WhiteElo "2187"]
[BlackElo "1979"]
[PlyCount "56"]
[EventDate "2011.08.09"]

1. d4 Nf6 2. c4 e6 3. Nc3 d5 4. Bg5 Be7 5. e3 O-O 6. Nf3 h6 7. Bh4 b6 8. Rc1
Bb7 9. a3 dxc4 10. Bxc4 Nbd7 11. O-O c5 12. Qe2 Ne4 13. Bxe7 Nxc3 14. Bxd8
Nxe2+ 15. Bxe2 Rfxd8 16. dxc5 Nxc5 17. b4 Ne4 18. Rc7 Bd5 19. Ba6 f6 20. Nd4
Nd6 21. Rd1 e5 22. Ne2 Ne8 23. Rcc1 Bb3 24. Rxd8 Rxd8 25. f3 Kf8 26. Rc3 Be6
27. Bd3 Rc8 28. Kf2 Nd6 1/2-1/2

[Event "Open A 2011"]
[Site "Panevezys"]
[Date "2011.08.11"]
[Round "4.6"]
[White "Bieliauskas, Marius"]
[Black "Milasevicius, Jonas"]
[Result "1-0"]
[WhiteElo "2137"]
[BlackElo "1952"]
[PlyCount "69"]
[EventDate "2011.08.09"]

1. d4 d5 2. c4 e6 3. cxd5 exd5 4. Nc3 c6 5. Qc2 Be7 6. Bf4 Nf6 7. e3 Nbd7 8.
Bd3 O-O 9. h3 Re8 10. Nf3 Nf8 11. Ne5 Ne6 12. O-O-O g6 13. g4 Nd7 14. Bg3 Nxe5
15. Bxe5 b5 16. h4 Nf8 17. Rdg1 Bd6 18. Bxd6 Qxd6 19. g5 a5 20. Kb1 a4 21. Ne2
b4 22. Rc1 Ba6 23. Bxa6 Rxa6 24. Qd3 Ra5 25. h5 c5 26. dxc5 Rxc5 27. Rxc5 Qxc5
28. Rc1 Qd6 29. Nf4 Rd8 30. Qd4 Ne6 31. Qf6 gxh5 32. Nxh5 a3 33. Qh6 Kh8 34.
Nf6 Nf8 35. Rh1 1-0

[Event "Open A 2011"]
[Site "Panevezys"]
[Date "2011.08.11"]
[Round "4.8"]
[White "Vaitonis, Vytautas"]
[Black "Ottolini, Graziano"]
[Result "1-0"]
[WhiteElo "2013"]
[BlackElo "2049"]
[PlyCount "45"]
[EventDate "2011.08.09"]

1. Nf3 d5 2. d4 e6 3. c4 c6 4. Qc2 Nf6 5. g3 dxc4 6. Qxc4 a6 7. Bg2 Nbd7 8. O-O
Be7 9. Qc2 O-O 10. e4 c5 11. Rd1 cxd4 12. Nxd4 Bc5 13. h3 Qe7 14. Nc3 Rd8 15.
Be3 Ne5 16. Nf5 Rxd1+ 17. Rxd1 exf5 18. Bxc5 Qe8 19. exf5 h6 20. Ne4 Ned7 21.
Nd6 Qe5 22. Ba3 Nb6 23. Qb3 1-0

[Event "Open A 2011"]
[Site "Panevezys"]
[Date "2011.08.11"]
[Round "4.9"]
[White "Vanagaite, Giedre"]
[Black "Pietinen, Pekka"]
[Result "1/2-1/2"]
[WhiteElo "1942"]
[BlackElo "2005"]
[PlyCount "104"]
[EventDate "2011.08.09"]

1. e4 e5 2. Nf3 Nc6 3. Bb5 a6 4. Ba4 Nge7 5. c3 d6 6. O-O Bd7 7. Re1 Ng6 8. d4
h6 9. Nbd2 Be7 10. Nf1 Bg5 11. Ne3 Nb8 12. Bb3 Nc6 13. Nxg5 hxg5 14. Qf3 f6 15.
Nf5 Nh4 16. Qd3 Nxf5 17. exf5 Qc8 18. dxe5 dxe5 19. Qd5 Rf8 20. Be3 Ne7 21. Qc5
b6 22. Qb4 a5 23. Qc4 a4 24. Bd1 Bxf5 25. Bxa4+ Bd7 26. Bb3 Qb7 27. Rad1 O-O-O
28. Bc2 Kb8 29. Be4 Bc6 30. Bxc6 Qxc6 31. Qxc6 Nxc6 32. f3 Ne7 33. Kf2 Kb7 34.
Ke2 Nf5 35. Bf2 Kc6 36. h3 Nd6 37. Rd3 Ra8 38. Ra1 b5 39. b3 Ra3 40. Rd2 Rfa8
41. Rb2 Nb7 42. Kd2 Nd8 43. Kc2 Ne6 44. Be3 Nf4 45. Kb1 g6 46. Rc2 Nd3 47. Rd2
Nf4 48. Rc2 Ne6 49. Kb2 Nc5 50. Bxc5 Kxc5 51. Rd2 Kc6 52. Rd3 R3a6 1/2-1/2

[Event "Open A 2011"]
[Site "Panevezys"]
[Date "2011.08.11"]
[Round "4.10"]
[White "Beinoraite, Viktorija"]
[Black "Zebelis, Rimantas"]
[Result "1-0"]
[WhiteElo "2001"]
[BlackElo "1888"]
[PlyCount "69"]
[EventDate "2011.08.09"]

1. d4 g6 2. c4 Bg7 3. Nc3 d6 4. e4 c6 5. Rb1 a5 6. Be3 Nf6 7. f3 Qc7 8. Bd3 Na6
9. a3 Nd7 10. Nge2 e5 11. d5 O-O 12. O-O f5 13. exf5 gxf5 14. Qd2 Nac5 15. Bc2
f4 16. Bf2 a4 17. Qd1 e4 18. Nxe4 Nxe4 19. Bxe4 Ne5 20. Qc2 Bh6 21. dxc6 bxc6
22. Nd4 Kh8 23. Rfd1 Rf7 24. Nb5 cxb5 25. Bxa8 bxc4 26. Qxa4 Bf5 27. Rbc1 Bd3
28. Bd4 Bg7 29. Kh1 Qb8 30. Bd5 Rc7 31. Bxe5 Bxe5 32. Bxc4 Bxb2 33. Bxd3 Rxc1
34. Rxc1 Bxc1 35. Qd4+ 1-0

[Event "Open A 2011"]
[Site "Panevezys"]
[Date "2011.08.11"]
[Round "4.11"]
[White "Zanetti, Alberto"]
[Black "Kuvsinov, Anatolij"]
[Result "1-0"]
[WhiteElo "2183"]
[BlackElo "2007"]
[PlyCount "59"]
[EventDate "2011.08.09"]

1. e4 e5 2. f4 Nf6 3. Nf3 d5 4. fxe5 Nxe4 5. d3 Nc5 6. d4 Ne4 7. Bd3 Be7 8. O-O
O-O 9. c4 f5 10. cxd5 Qxd5 11. Nc3 Qc6 12. Qc2 Nxc3 13. bxc3 Qg6 14. Qb3+ Kh8
15. Ba3 Nc6 16. Bxe7 Nxe7 17. c4 b6 18. d5 Bd7 19. e6 Be8 20. c5 Rd8 21. d6
cxd6 22. cxd6 Rxd6 23. Rae1 Bc6 24. Re2 Be4 25. Bc4 Nc6 26. e7 Nxe7 27. Ne5 Qe8
28. Rxe4 fxe4 29. Rxf8+ Qxf8 30. Nf7+ 1-0

[Event "Open A 2011"]
[Site "Panevezys"]
[Date "2011.08.11"]
[Round "4.12"]
[White "Apanaviciute, Kristina"]
[Black "Janulynas, Jonas"]
[Result "1-0"]
[WhiteElo "1974"]
[BlackElo "1814"]
[PlyCount "101"]
[EventDate "2011.08.09"]

1. e4 e5 2. Bc4 Nf6 3. d3 Bc5 4. Nf3 d6 5. c3 O-O 6. O-O Re8 7. Bg5 Nbd7 8. Re1
h6 9. Bh4 Nf8 10. d4 exd4 11. cxd4 Bb6 12. Nc3 Ng6 13. Bg3 Nh5 14. Nd5 Nxg3 15.
Nxb6 axb6 16. hxg3 Be6 17. Bxe6 Rxe6 18. d5 Re8 19. Qc2 Qd7 20. Nd4 Ra4 21. Nf5
Ne7 22. g4 Nxf5 23. gxf5 c5 24. a3 f6 25. Re3 b5 26. Rae1 b4 27. axb4 Rxb4 28.
Rg3 Qa4 29. b3 Qb5 30. Qc3 Rd4 31. Qe3 Kh8 32. Qf4 Qd7 33. Rge3 b5 34. f3 Re5
35. Qg3 Qe7 36. Ra1 Qe8 37. Ree1 Kh7 38. Ra7 Qf8 39. Qg6+ Kg8 40. Rea1 Re8 41.
Rxg7+ Qxg7 42. Qxe8+ Kh7 43. Qxb5 Rd2 44. g4 h5 45. Qe8 Qb7 46. Ra8 Rd1+ 47.
Kf2 Rd2+ 48. Kg3 h4+ 49. Kxh4 Qg7 50. Qh5+ Qh6 51. Rh8+ 1-0

[Event "Open A 2011"]
[Site "Panevezys"]
[Date "2011.08.11"]
[Round "4.13"]
[White "Barsciauskas, Gintautas"]
[Black "Lepeskaite, Migle"]
[Result "1-0"]
[WhiteElo "1854"]
[BlackElo "1788"]
[PlyCount "49"]
[EventDate "2011.08.09"]

1. e4 c6 2. d4 d5 3. e5 c5 4. c3 Nc6 5. Ne2 e6 6. Nd2 f6 7. f4 Nge7 8. Nf3 Qc7
9. b3 b6 10. Be3 Nf5 11. Bf2 h5 12. Ng3 Nce7 13. Bd3 Nxg3 14. Bxg3 fxe5 15.
Nxe5 c4 16. Bc2 b5 17. O-O Nf5 18. Bxf5 exf5 19. Re1 Kd8 20. Bh4+ Be7 21. Bxe7+
Kxe7 22. Ng6+ Kf6 23. Nxh8 g6 24. Qe2 a5 25. Qe8 1-0

[Event "Open A 2011"]
[Site "Panevezys"]
[Date "2011.08.12"]
[Round "5.2"]
[White "Narmontas, Matas"]
[Black "Tsiganova, Monika"]
[Result "1-0"]
[WhiteElo "2387"]
[BlackElo "2161"]
[PlyCount "61"]
[EventDate "2011.08.09"]

1. e4 e5 2. Nc3 Nf6 3. f4 d5 4. fxe5 Nxe4 5. Nf3 Be7 6. Qe2 Nxc3 7. dxc3 c6 8.
Bf4 Bg4 9. O-O-O Nd7 10. h3 Bxf3 11. gxf3 Bg5 12. Be3 Bxe3+ 13. Qxe3 Qe7 14. f4
O-O 15. c4 Nb6 16. cxd5 Nxd5 17. Qe4 Qh4 18. Rd4 Rad8 19. Bc4 Nxf4 20. Rxd8
Rxd8 21. Rf1 Rd4 22. Qf5 Qd8 23. Qxf7+ Kh8 24. b3 Ng6 25. e6 Qg5+ 26. Kb1 Rd8
27. Qxb7 Ne7 28. Qd7 Rg8 29. Qxa7 h5 30. Qd4 Nf5 31. Qe5 1-0

[Event "Open A 2011"]
[Site "Panevezys"]
[Date "2011.08.12"]
[Round "5.4"]
[White "Juknis, Paulius"]
[Black "Vaitonis, Vytautas"]
[Result "1-0"]
[WhiteElo "2140"]
[BlackElo "2013"]
[PlyCount "113"]
[EventDate "2011.08.09"]

1. e4 c5 2. Nc3 a6 3. f4 e6 4. Nf3 Nc6 5. d3 d5 6. Be2 g6 7. O-O Nge7 8. Qe1
Bg7 9. Qh4 h6 10. Kh1 f5 11. g4 d4 12. Nb1 b5 13. a4 Bd7 14. Na3 Rb8 15. Bd2
fxe4 16. dxe4 c4 17. f5 exf5 18. gxf5 Nxf5 19. Qxd8+ Kxd8 20. exf5 Re8 21. f6
Bxf6 22. Ng1 d3 23. Rxf6 dxe2 24. Nf3 Bg4 25. Kg2 Bxf3+ 26. Kxf3 Ne5+ 27. Kg2
b4 28. Re1 bxa3 29. bxa3 Kd7 30. Rxe2 Rbc8 31. Bc3 Rc5 32. Rxa6 Nc6 33. Rxe8
Kxe8 34. Rb6 Rg5+ 35. Kf3 Kd7 36. Rb5 Rg1 37. a5 Rc1 38. Rb2 Kd6 39. Ke4 Rf1
40. Rb6 Kc7 41. Kd5 Nxa5 42. Bxa5 Rf5+ 43. Kxc4 Rxa5 44. Rxg6 Rh5 45. Rg2 Kc6
46. a4 Rh4+ 47. Kb3 Kc5 48. c3 Rh3 49. Ra2 Kb6 50. a5+ Ka6 51. Kb4 h5 52. c4
Rf3 53. Rg2 Rf6 54. Rg5 h4 55. Rh5 Rf4 56. Rh6+ Ka7 57. Kb5 1-0

[Event "Open A 2011"]
[Site "Panevezys"]
[Date "2011.08.12"]
[Round "5.5"]
[White "Vanagas, Tadas"]
[Black "Bieliauskas, Marius"]
[Result "0-1"]
[WhiteElo "2081"]
[BlackElo "2137"]
[PlyCount "46"]
[EventDate "2011.08.09"]

1. d4 Nf6 2. c4 g6 3. Nc3 Bg7 4. e4 d6 5. f3 O-O 6. Be3 e5 7. d5 c6 8. Qd2 cxd5
9. cxd5 a6 10. Bd3 Nh5 11. Nge2 f5 12. exf5 gxf5 13. O-O-O b5 14. Kb1 Nd7 15.
g4 fxg4 16. fxg4 Nhf6 17. Bh6 Nc5 18. Qg5 Ra7 19. Rhf1 b4 20. Ne4 Ncxe4 21.
Bxe4 Nxe4 22. Rxf8+ Qxf8 23. Qe3 Nc5 0-1

[Event "Open A 2011"]
[Site "Panevezys"]
[Date "2011.08.12"]
[Round "5.6"]
[White "Stalemekas, Ernestas"]
[Black "Kudzma, Laimonas"]
[Result "1-0"]
[WhiteElo "2131"]
[BlackElo "2187"]
[PlyCount "69"]
[EventDate "2011.08.09"]

1. d4 e6 2. Nf3 f5 3. c4 Nf6 4. e3 d5 5. Be2 c6 6. O-O Bd6 7. Ne5 Nbd7 8. f4
Ne4 9. Nc3 Ndf6 10. Nxe4 Nxe4 11. Qe1 O-O 12. b4 Bd7 13. a4 Be8 14. b5 Rc8 15.
Ba3 c5 16. cxd5 exd5 17. dxc5 Bxc5 18. Bxc5 Rxc5 19. Rc1 b6 20. Qb4 Qd6 21. Qd4
Bf7 22. Rfd1 Rfc8 23. Rxc5 Rxc5 24. Bd3 Nc3 25. Rd2 Be6 26. h3 Qe7 27. Kh2 Ne4
28. Bxe4 fxe4 29. Nc6 Qc7 30. Qa1 Bd7 31. Ne7+ Kf7 32. Nxd5 Qd6 33. Qd1 Be6 34.
Nc3 Qe7 35. Nxe4 1-0

[Event "Open A 2011"]
[Site "Panevezys"]
[Date "2011.08.12"]
[Round "5.7"]
[White "Novikovas, Anatolijus"]
[Black "Zanetti, Alberto"]
[Result "0-1"]
[WhiteElo "1979"]
[BlackElo "2183"]
[PlyCount "94"]
[EventDate "2011.08.09"]

1. e4 c5 2. Nf3 e6 3. d4 cxd4 4. Nxd4 a6 5. c4 Nf6 6. Nc3 d6 7. Be2 Be7 8. O-O
O-O 9. Be3 Nc6 10. f4 Bd7 11. Bf3 Qc7 12. Rc1 Rac8 13. b3 Rfe8 14. Qd2 Bf8 15.
Qf2 Qb8 16. g4 e5 17. Nxc6 Bxc6 18. f5 Nd7 19. Kh1 b5 20. cxb5 axb5 21. g5 b4
22. Ne2 Bb5 23. g6 Nf6 24. gxf7+ Kxf7 25. Bg5 Rxc1 26. Rxc1 Rc8 27. Rxc8 Qxc8
28. Bxf6 gxf6 29. Qh4 Kg7 30. Qg3+ Kh8 31. Qe1 Qc5 32. Ng3 Qc3 33. Qf2 Bh6 34.
Nf1 Bg5 35. Bg2 Qc1 36. h4 Bf4 37. Kg1 Kg7 38. Bf3 Qc5 39. Kg2 Bd3 40. Qxc5
dxc5 41. Ng3 c4 42. Nh5+ Kf7 43. bxc4 Bxc4 44. Nxf4 exf4 45. Kf2 Bxa2 46. Ke2
b3 47. e5 b2 0-1

[Event "Open A 2011"]
[Site "Panevezys"]
[Date "2011.08.12"]
[Round "5.8"]
[White "Pietinen, Pekka"]
[Black "Beinoraite, Viktorija"]
[Result "0-1"]
[WhiteElo "2005"]
[BlackElo "2001"]
[PlyCount "86"]
[EventDate "2011.08.09"]

1. e4 e6 2. d4 d5 3. Nc3 Bb4 4. e5 c5 5. a3 Bxc3+ 6. bxc3 Qa5 7. Qd2 b6 8. Nf3
Ne7 9. Bd3 Ba6 10. O-O Bxd3 11. Qxd3 Qa6 12. a4 Qxd3 13. cxd3 Nd7 14. Ba3 Nc6
15. Rfe1 Na5 16. Kf1 c4 17. Bb4 cxd3 18. Bxa5 bxa5 19. Reb1 Nb6 20. Ne1 Rc8 21.
Ra3 Nc4 22. Ra2 d2 23. Nf3 O-O 24. Nxd2 Nxd2+ 25. Rxd2 Rxc3 26. Rb5 Rc7 27. Ke2
Rfc8 28. Rxa5 Kf8 29. f4 Ke7 30. g4 h5 31. g5 g6 32. Ke3 Rb8 33. Kf3 Rb3+ 34.
Kf2 Kd7 35. Ke2 Rh3 36. Kf1 Rf3+ 37. Ke2 Rxf4 38. Ke3 Rg4 39. Rf2 Ke7 40. Rb2
Rxg5 41. Rb8 Rg2 42. Ra8 Rc3+ 43. Kf4 g5# 0-1

[Event "Open A 2011"]
[Site "Panevezys"]
[Date "2011.08.12"]
[Round "5.9"]
[White "Milasevicius, Jonas"]
[Black "Vanagaite, Giedre"]
[Result "1-0"]
[WhiteElo "1952"]
[BlackElo "1942"]
[PlyCount "155"]
[EventDate "2011.08.09"]

1. d4 d5 2. Nf3 Nf6 3. e3 c6 4. Bd3 Bg4 5. Nbd2 Nbd7 6. c3 e5 7. dxe5 Nxe5 8.
Be2 Nxf3+ 9. Nxf3 Bd6 10. O-O O-O 11. b3 Qc7 12. h3 Bh5 13. Bb2 Rad8 14. Qc2
Bg6 15. Bd3 Bxd3 16. Qxd3 Rfe8 17. Rfd1 Ne4 18. c4 dxc4 19. Qxc4 b5 20. Qc2 c5
21. Rac1 Qe7 22. Qe2 a6 23. Rd3 Rd7 24. Qc2 Rc8 25. Rcd1 Rdd8 26. Rd5 Bc7 27.
Be5 Bxe5 28. Rxe5 Rxd1+ 29. Qxd1 Qb7 30. Qd3 Nf6 31. Rxc5 h6 32. b4 Re8 33. Qc2
Nd5 34. a3 Nb6 35. Rc7 Qd5 36. Qc6 Qd1+ 37. Kh2 Re6 38. Qc5 Nd7 39. Qd4 Qxd4
40. Nxd4 Rd6 41. Rc8+ Kh7 42. g4 Ne5 43. Rc3 Kg6 44. Kg3 Nd7 45. Rc6 Rxc6 46.
Nxc6 Kf6 47. f4 Nb6 48. e4 Ke6 49. Nb8 Nc4 50. Nxa6 Nxa3 51. Nc5+ Ke7 52. h4
Nc2 53. Nd3 Nd4 54. h5 Kf6 55. Kh4 Nf3+ 56. Kg3 Nd4 57. f5 Ke7 58. e5 Ne2+ 59.
Kf2 Nc3 60. Ke3 Kd7 61. Kd4 Nd1 62. Kc5 Ne3 63. Nf2 Nc4 64. Kd4 Ke7 65. Ne4 Na3
66. Kc5 Nc4 67. f6+ gxf6 68. exf6+ Ke6 69. Kxb5 Ne5 70. Kc5 Nxg4 71. b5 Ne5 72.
b6 Nd7+ 73. Kc6 Nb8+ 74. Kb7 Nd7 75. Kc7 Nxb6 76. Kxb6 Kf5 77. Kc7 Kg4 78. Kd7
1-0

[Event "Open A 2011"]
[Site "Panevezys"]
[Date "2011.08.12"]
[Round "5.10"]
[White "Ottolini, Graziano"]
[Black "Barsciauskas, Gintautas"]
[Result "1-0"]
[WhiteElo "2049"]
[BlackElo "1854"]
[PlyCount "51"]
[EventDate "2011.08.09"]

1. e4 e5 2. Nf3 Nc6 3. Bc4 Bc5 4. c3 Nf6 5. d4 exd4 6. e5 d5 7. Bb5 Ne4 8. cxd4
Bb4+ 9. Nbd2 O-O 10. Bxc6 bxc6 11. O-O Ba6 12. Re1 c5 13. Nxe4 dxe4 14. Rxe4
Qd5 15. Rg4 Qe6 16. Rh4 cxd4 17. Rxh7 Qg6 18. Rh3 c5 19. Rg3 Qc6 20. Bg5 Bc8
21. Bf6 g6 22. Qc1 Kh7 23. Qg5 Qe4 24. h3 c4 25. Rg4 Bxg4 26. Qh4+ 1-0

[Event "Open A 2011"]
[Site "Panevezys"]
[Date "2011.08.12"]
[Round "5.11"]
[White "Cernavina, Ksenija"]
[Black "Apanaviciute, Kristina"]
[Result "0-1"]
[WhiteElo "1788"]
[BlackElo "1974"]
[PlyCount "118"]
[EventDate "2011.08.09"]

1. d4 Nf6 2. c4 e6 3. Nf3 Bb4+ 4. Nbd2 O-O 5. g3 c5 6. a3 Bxd2+ 7. Bxd2 cxd4 8.
Nxd4 Qb6 9. Bb4 Re8 10. c5 Qc7 11. Bg2 a5 12. Nb5 Qe5 13. Bc3 Qxc5 14. Nd6 Rf8
15. Bxf6 gxf6 16. Rc1 Qb6 17. Nxc8 Qxb2 18. O-O d5 19. Rb1 Qxa3 20. Nb6 Ra6 21.
Qd4 Qe7 22. e4 Nc6 23. Qd2 d4 24. Rfc1 Rd8 25. Bf1 d3 26. Nc4 b5 27. Ne3 a4 28.
Ng4 Nd4 29. Qh6 e5 30. Kg2 Rad6 31. Bxd3 f5 32. Qh5 fxg4 33. Qxg4+ Rg6 34. Qh3
b4 35. Rc8 b3 36. Rbc1 Rgd6 37. R1c7 Qf6 38. Qg4+ Qg6 39. Qh4 Ne6 40. Rxd8+
Rxd8 41. Bc4 Rb8 42. Bxe6 Qxe6 43. Qg5+ Qg6 44. Qxe5 b2 45. Rc6 b1=Q 46. Rxg6+
hxg6 47. h4 Qb2 48. Qg5 a3 49. h5 Rb5 50. Qd8+ Kg7 51. h6+ Kxh6 52. Qf8+ Kh7
53. Qxf7+ Qg7 54. Qf4 a2 55. e5 Rxe5 56. Qa4 Qb7+ 57. f3 Qb2+ 58. Kh3 a1=Q 59.
Qd7+ Kh6 0-1

[Event "Open A 2011"]
[Site "Panevezys"]
[Date "2011.08.12"]
[Round "5.13"]
[White "Kuvsinov, Anatolij"]
[Black "Janulynas, Jonas"]
[Result "1-0"]
[WhiteElo "2007"]
[BlackElo "1814"]
[PlyCount "67"]
[EventDate "2011.08.09"]

1. e4 e5 2. Nf3 Nc6 3. Bb5 a6 4. Bxc6 dxc6 5. d4 exd4 6. Qxd4 Qxd4 7. Nxd4 Bc5
8. Be3 Nf6 9. Nd2 Ng4 10. Nf5 Bxe3 11. Nxe3 Nxe3 12. fxe3 Bg4 13. Nf3 Rd8 14.
Rd1 O-O 15. Rxd8 Rxd8 16. Ke2 f6 17. Rd1 Rd6 18. Rd3 Kf7 19. Kf2 Ke6 20. h3 Bh5
21. g4 Be8 22. Nd2 Bg6 23. Kf3 b6 24. Kf4 h6 25. h4 Bf7 26. h5 g5+ 27. hxg6
Bxg6 28. Nf3 c5 29. Nh4 c4 30. Rd4 b5 31. Nxg6 c5 32. Rxd6+ Kxd6 33. Kf5 b4 34.
Kxf6 1-0

[Event "Open A 2011"]
[Site "Panevezys"]
[Date "2011.08.12"]
[Round "5.14"]
[White "Lepeskaite, Migle"]
[Black "Zito, Riccardo"]
[Result "1-0"]
[WhiteElo "1788"]
[BlackElo "1730"]
[PlyCount "89"]
[EventDate "2011.08.09"]

1. d4 Nf6 2. c4 c5 3. d5 b5 4. Nf3 bxc4 5. Nc3 d6 6. e4 Nbd7 7. Qa4 Qc7 8. Bxc4
g6 9. Bb5 Bg7 10. Bc6 Bb7 11. e5 dxe5 12. Nb5 Qb8 13. Qa5 O-O 14. Nc7 Rc8 15.
Bxb7 Qxb7 16. Nxa8 Nxd5 17. O-O Rxa8 18. Rd1 e4 19. Ng5 N5b6 20. Rb1 h6 21. Nh3
Nc4 22. Qe1 Na3 23. bxa3 Qxb1 24. Rxd7 e6 25. Nf4 Be5 26. Ne2 Qb5 27. Rd1 Qb8
28. h3 g5 29. Be3 Qb7 30. Rc1 Bd6 31. Qc3 Rc8 32. Qc4 Qe7 33. Qxe4 f5 34. Qc4
f4 35. Bd4 Rc7 36. Bb2 Kf8 37. Rd1 e5 38. Nc3 Rb7 39. Ne4 Rxb2 40. Rxd6 Rb1+
41. Kh2 Re1 42. Rxh6 Kg7 43. Rh5 Qc7 44. Rxg5+ Kh7 45. Qg8+ 1-0

[Event "Open A 2011"]
[Site "Panevezys"]
[Date "2011.08.13"]
[Round "6.3"]
[White "Bieliauskas, Marius"]
[Black "Juknis, Paulius"]
[Result "1/2-1/2"]
[WhiteElo "2137"]
[BlackElo "2140"]
[PlyCount "55"]
[EventDate "2011.08.09"]

1. Nf3 g6 2. c4 Bg7 3. Nc3 d6 4. g3 c5 5. Bg2 Nc6 6. O-O e5 7. a3 Nge7 8. Ne1
O-O 9. Nc2 a5 10. Rb1 Be6 11. Ne3 Rb8 12. d3 Nd4 13. b4 axb4 14. axb4 b6 15.
Ned5 Nxd5 16. Nxd5 b5 17. e3 Nf5 18. Qc2 bxc4 19. dxc4 Bxd5 20. Bxd5 Rxb4 21.
Rxb4 cxb4 22. Bd2 Qa5 23. Rb1 Rb8 24. Qb3 Ne7 25. Bxb4 Qa6 26. Bg2 Nc6 27. Bxc6
Qxc6 28. Qa2 1/2-1/2

[Event "Open A 2011"]
[Site "Panevezys"]
[Date "2011.08.13"]
[Round "6.4"]
[White "Zanetti, Alberto"]
[Black "Stalemekas, Ernestas"]
[Result "0-1"]
[WhiteElo "2183"]
[BlackElo "2131"]
[PlyCount "120"]
[EventDate "2011.08.09"]

1. e4 c5 2. d4 cxd4 3. c3 dxc3 4. Nxc3 Nc6 5. Nf3 e6 6. Bc4 a6 7. a4 Qc7 8. Qe2
Bb4 9. O-O Nge7 10. Bg5 Ne5 11. Nxe5 Qxe5 12. f4 Qd4+ 13. Kh1 Bxc3 14. Rad1 Qc5
15. bxc3 Rb8 16. f5 b5 17. axb5 axb5 18. Rb1 Ba6 19. Be3 Qc8 20. Bd3 Qxc3 21.
Ra1 Bc8 22. fxe6 O-O 23. Rac1 Qb3 24. exf7+ Rxf7 25. Rxf7 Kxf7 26. Bb1 Ra8 27.
Bd4 Kg8 28. Qg4 Qf7 29. Bd3 Nc6 30. Rf1 Qe7 31. Bb2 Ne5 32. Bxe5 Qxe5 33. Qf3
h6 34. g3 Bb7 35. Qf7+ Kh7 36. Qf5+ Qxf5 37. Rxf5 Bc6 38. Kg1 b4 39. Bb1 g6 40.
Rf7+ Kg8 41. Rf1 b3 42. Re1 Kf7 43. Kf2 Ke6 44. Ke3 Ke5 45. Rc1 Ra1 46. Rc5+
Kf6 47. Rc1 Kg5 48. Kf3 Kf6 49. Kf4 g5+ 50. Ke3 Ke5 51. Rc5+ Kd6 52. Rc1 Kc7
53. h4 Kb6 54. hxg5 hxg5 55. Kd2 Ka5 56. e5 Kb4 57. Bf5 Rxc1 58. Kxc1 Kc3 59.
Kd1 b2 60. Bh7 Ba4+ 0-1